Entry Nombre personal
001 - NÚMERO DE CONTROL
- campo de control: 58607
003 - IDENTIFICADOR DE NÚMERO DE CONTROL
- campo de control: SpMaBN
005 - FECHA Y HORA DE LA ÚLTIMA TRANSACCIÓN
- campo de control: 20250705090530.0
008 - ELEMENTOS DE DATO DE LONGITUD-FIJA
- campo de control de longitud fija: 901120nn aijnnaabn a aaa
016 ## - NÚMERO DE CONTROL DE UNA AGENCIA BIBLIOGRÁFICA NACIONAL
- Número de control del registro: BNE19900074775
024 7# - IDENTIFICADOR DE OTROS ESTÁNDARES
- Número estándar o código: http://viaf.org/viaf/12354829/
- Fuente: viaf
024 7# - IDENTIFICADOR DE OTROS ESTÁNDARES
- Número estándar o código: https://isni.org/isni/0000000080913758
- Fuente: isni
024 7# - IDENTIFICADOR DE OTROS ESTÁNDARES
- Número estándar o código: http://www.wikidata.org/entity/Q5833349
- Fuente: wikidata
040 ## - FUENTE DE CATALOGACIÓN
- Centro catalogador/agencia de origen: SpMaBN
- Lengua de catalogación: spa
- Centro/agencia transcriptor: SpMaBN
- Normas de descripción: rdc
- Convención/Normas de encabezamiento de materia/tesauro: embne
046 ## - FECHAS CON CODIFICACIÓN ESPECIAL
- Fecha de nacimiento: 1939
100 1# - ENCABEZAMIENTO-NOMBRE DE PERSONA
- Nombre de persona: González Duro, E.,
- Fechas asociadas al nombre: 1939-
370 ## - LUGAR ASOCIADO
- Lugar de nacimiento: La Guardia de Jaén
- Número de control del registro de autoridad o número normalizado: XX460441
- Fuente de información: Wikidata
372 ## - CAMPO DE ACTIVIDAD
- Campo de actividad: Historia
- Campo de actividad: Psiquiatría
- Fuente de información: Wikidata
374 ## - OCUPACIÓN
- Ocupación: Profesores
- Ocupación: Psiquiatras
- Ocupación: Escritores
- Fuente de información: Wikidata
375 ## - GÉNERO/SEXO
- Género: Masculino
377 ## - IDIOMA ASOCIADO
- Término de lengua/lenguaje: Español
400 1# - TRAZADO DE VÉASE--NOMBRE DE PERSONA
- Nombre de persona: González Duro, Enrique,
- Fechas asociadas al nombre: 1939-
670 ## - FUENTE DE DATOS ENCONTRADOS
- Cita de la fuente: Distancia a la locura, 1982
- Información encontrada: port. (E. González Duro)
670 ## - FUENTE DE DATOS ENCONTRADOS
- Cita de la fuente: Mujeres separadas, 1999
- Información encontrada: port. (Emilio González Duro)
670 ## - FUENTE DE DATOS ENCONTRADOS
- Cita de la fuente: Fernando VII, el rey felón, 2006
- Información encontrada: port. (Enrique González Duro) sobrecub. (La Guardia, Jaén, 1939)
